Datum a čas kvízu
35.5
Celkem bodů
Celkový počet nahraných bodů na tomto kvízu bez doplňovacích otázek.
1.
Pořadí na kvízu
Konečné umístění týmu na tomto kvízu.
Zaznamenané odpovědi
| # | Otázka | Odpověď | Body | Výsledky |
|---|---|---|---|---|
| 1. | Český prezident Miloš Zeman se... | Vídeň, šilink (Schilling) | 0.5 | |
| 2. | Ve výčtu nejlepších aprílových... | z (nakládaných) okurek | 1 | |
| 3. | Během návštěvy komunitního stř... | Fortnite | 1 | |
| 4. | Minulý týden bylo oznámeno, že... | Prima a CNN | 1 | |
| 5. | Apríl, nebo nechtěný omyl? Fot... | Místo Slavie zval na souboj se Spartou. | 1 | |
| 6. | V tomto tématu ověříme vaše zn... | pouze jelení zvěř | 0 | |
| 7. | Kterým slovem začínajícím na p... | kozlice | 0 | |
| 8. | Jelen bílý je zvláštní barevno... | Žleby, Žehušice, Kopidlno a Janovice | 0 | |
| 9. | Kolikaterák je tento jelen? | desaterák (nerovný) | 0 | |
| 10. | Co v myslivecké mluvě znamená... | kančí kly | 0 |